| 000 | 02089nam a2200433 a 4500 | ||
|---|---|---|---|
| 003 | BLK | ||
| 005 | 20241002124802.0 | ||
| 008 | 180408b bul|||||r ||||||| ||bul|| | ||
| 010 | _aKNG00048168000 | ||
| 040 | _aBLK | ||
| 041 |
_aBUL _cBUL |
||
| 080 |
_aМузиканти-творци, композитори _b78.071.1 _x(470)(092) _z78.071.1(470)(092) |
||
| 080 |
_aБиографии _b929 _x(470) _z929(470) |
||
| 100 | 1 |
_aЖитомирски, Даниел Владимирович _eпърви автор _968561 |
|
| 139 |
_aЖитомирски, Даниел Владимирович _bЖ 62 |
||
| 245 | 1 | 0 |
_aРуските композитори от края на ХІХ и началото на ХХ век _cДаниел Владимирович Житомирски; прев. от рус. Мария Узунова. |
| 257 | _aSUN | ||
| 260 |
_bНаука и изкуство _c1963 _aСофия |
||
| 300 |
_a94 с. _c16 см |
||
| 380 | _a7 | ||
| 490 | _aВ помощ на слушателя | ||
| 500 | _aБиблиогр. под линия. - Съдържа : Кратка библиогр. за Глазунов, Лядов, Танеев, Калинников, Рахманинов, Скрябин на с. 92-93. | ||
| 600 | 1 | 4 |
_aГлазунов, Александър Константинович _d1865 - 1936 _954357 |
| 600 | 1 | 4 |
_aЛядов, Анатоли Константинович _9279393 |
| 600 | 1 | 4 |
_aТанеев, Сергей Иванович _9127595 |
| 600 | 1 | 4 |
_aРахманинов, Сергей Василиевич _9274401 |
| 600 | 1 | 4 |
_aСкрябин, Александър Николаевич _9275075 |
| 650 | 4 |
_aКомпозитори, руски _9267007 |
|
| 651 | 4 |
_aРусия _9179465 |
|
| 653 | _aруски композитори | ||
| 700 | 1 |
_aУзунова, Мария _eпрев. от рус. _9275399 |
|
| 852 |
_aЦб І 6408 _bЦб |
||
| 856 | 4 | _qpdf | |
| 856 | 4 | _qpdf | |
| 942 |
_cKNG _n0 |
||
| 944 |
_aCR _c09.02.2005 _k30560 _lГеновева Генчева |
||
| 944 |
_aED _c11.07.2023 |
||
| 999 |
_c44401 _d44401 |
||
| 999 | _d44401 | ||